| 000 | 01594nkm a2200373 c 4500 | ||
|---|---|---|---|
| 003 | BLK | ||
| 005 | 20180422121117.0 | ||
| 008 | 180412b bul rap|r|||| r0| ||bulo| | ||
| 010 | _aKNG00173570000 | ||
| 040 | _aBLK | ||
| 041 |
_aRUS _cRUS _hENG |
||
| 080 |
_aЖивопис _b75 _x(470):069 _z75(470):069 |
||
| 700 | 1 |
_aГригорович, Николай Евграфович _eавт.-состав. _9387293 |
|
| 139 |
_aШедевры живописи музеев СССР _bШ 47 |
||
| 245 | 1 | 0 |
_aШедевры живописи музеев СССР _bВып. 1 - _cавт.-состав. Николай Евграфович Григорович. _nВып. 3 _pРусское искусство XIX - начала XX века |
| 246 | 1 | 1 | _aMasterpieces of Painting in the Museums of the USSR |
| 257 | _aSUN | ||
| 260 |
_аМосква _bГознак _c1974 - |
||
| 300 | _c31 см | ||
| 380 | _a7 | ||
| 650 | 4 |
_aЖивопис, руска _9278366 |
|
| 650 | 4 |
_aЖивопис - галерии, изложби, колекции и музеи _9254628 |
|
| 651 | 4 |
_aРусия _9179465 |
|
| 653 | _aруска живопис | ||
| 653 | _aмузеи | ||
| 653 | _aXIX в. | ||
| 653 | _aXX в. | ||
| 760 | 1 |
_d1978 _h158 с. : с ил. _nБиблиогр. с. 154. - Анотации. - Списък на репрод. - 50 000 тир. _tВып. 3 Русское искусство XIX - начала XX века |
|
| 852 | _aЦб Гр А ІІ 2162 | ||
| 856 | 4 |
_qpdf _u |
|
| 856 | 4 |
_qpdf _u |
|
| 942 |
_cGRA _n0 |
||
| 944 |
_aCR _c30.03.2015 _kКамелия_Данева |
||
| 944 |
_aED _c07.04.2015 _kИрена_Линкова |
||
| 999 |
_c210901 _d210901 |
||